000 00306nam a22001337a 4500
008 171002b xxu||||| |||| 00| 0 eng d
020 _a9781590701010
041 _aeng
080 _a37
100 _a47
101 _aEDU
245 _aSKILLS FOR PERSONAL FAMILY LIVING
_cPAMMEL.B
942 _2udc
_cBK
999 _c31075
_d31075